Gminy Powiatu Ostrołęckiego - Statystyki

Ogólne statystyki
  • Ten quiz został rozwiązany 74 razy
  • Średni wynik to 8 z 11
Statystyki odpowiedzi
Obrazkowy Odpowiedź % Poprawnych
Gmina Kadzidło
90%
Gmina Myszyniec
86%
Gmina Rzekuń
84%
Gmina Lelis
82%
Gmina Olszewo-Borki
80%
Gmina Goworowo
75%
Gmina Troszyn
67%
Gmina Czerwin
65%
Gmina Baranowo
63%
Gmina Czarnia
57%
Gminy Łyse
55%
Nie znaleziono quizów pasujących do podanych kryteriów
Rozkład punktacji
Procent ludzi z każdym wynikiem
Percentyl według liczby udzielonych odpowiedzi
Twoja historia wyników
Nie rozwiązałeś tego quizu